| 000 | 00760nam a22002535i 4500 | ||
|---|---|---|---|
| 001 | 50667 | ||
| 003 | ES-MaACL | ||
| 005 | 20250823051518.0 | ||
| 007 | t| | ||
| 008 | 030806s1986 sp ||||0| spa d | ||
| 020 | _a84-7223-091-0 | ||
| 040 |
_aM-BN _bspa _cM-BN |
||
| 100 | 1 |
_aCunqueiro, Álvaro, _d1911-1981 _942188 |
|
| 245 | 1 | 0 |
_aViajes imaginarios y reales / _cAlvaro Cunqueiro ; selección y prólogo de César Antonio Molina. |
| 250 | _a1ª ed. | ||
| 260 |
_aBarcelona : _bTusquets, _c1986. |
||
| 300 |
_a338 p. ; _c19 cm. |
||
| 490 | 1 |
_aMarginales ; _v91 |
|
| 700 | 1 |
_aMolina, César Antonio. _981883 |
|
| 830 | 0 | 0 |
_aMarginales ; _v91 _9236110 |
| 852 |
_aES-MaACL _jL-10307 _bR.112077 |
||
| 942 | _2udc | ||
| 999 |
_c50667 _d50667 |
||